000 00714nam a2200181 i 4500
001 83284
003 ES-MaACL
005 20251004063129.0
007 t|
008 180703s1930 sp ||||1| spa d
100 1 _aGutiérrez-Gamero, Emilio,
_d1844-1936
_961149
245 1 0 _aClío en pantuflas, continuación de mis primeros ochenta años
_b: memorias /
_cE. Gutierrez-Gamero.
260 _aMadrid :
_bCompañia Ibero-Americana de Publicaciones,
_c1930.
300 _a269 p. ;
_c19 cm.
651 4 _aEspaña-
_xHistoria-
_y1902-1931, Alfonso XIII-
_vRelatos personales.
_9144642
852 _aES-MaACL
_jL-32160
_z.- Donat. herederos de la bibl. de Mª del Pilar Costa Palacín
999 _c83284
_d83284